Apostle of Unity: Biographical Study of Maulana Abul Kalam Azad (Record no. 2653)
[ view plain ]
| 000 -LEADER | |
|---|---|
| fixed length control field | 00407nam a2200157 a 4500 |
| 082 00 - DEWEY DECIMAL CLASSIFICATION NUMBER | |
| Classification number | 922.97 |
| Author Cutter | KUM |
| 100 ## - MAIN ENTRY--AUTHOR NAME | |
| Author name | Kumar, H L |
| 245 ## - TITLE STATEMENT | |
| Title | Apostle of Unity: Biographical Study of Maulana Abul Kalam Azad |
| 260 ## - PUBLICATION, DISTRIBUTION, ETC. (IMPRINT) | |
| Place of publication | Lahore |
| Name of publisher | Hero Publications |
| Year of publication | 1942 |
| 300 ## - PHYSICAL DESCRIPTION | |
| Number of Pages | 109p |
| 500 ## - GENERAL NOTE | |
| General note | includes index and biblioraphy |
| 505 2# - FORMATTED CONTENTS NOTE | |
| Formatted contents note | Appendix |
| 650 ## - SUBJECT ADDED ENTRY--TOPICAL TERM | |
| Topical Term | Abul Kalam Azad |
| 942 ## - ADDED ENTRY ELEMENTS (KOHA) | |
| Koha item type | Books |
| 700 1# - | |
| -- | Kumar, H L |
| Home library | Current library | Date acquired | Cost, normal purchase price | Full call number | Accession Number | Koha item type |
|---|---|---|---|---|---|---|
| Henry Martyn Institute Library | Henry Martyn Institute Library | 06/06/2007 | 100.00 | 922.97 KUM | 921 | E-Books |
